000
00275nam a2200121 a 4500
008
110104s1979|||| d
245
1
0
_a
Zobrazené spisy 4
100
1
_a
Lenin, V. I.
260
_b
Pravda
_a
Bratislava
_c
1979
020
_c
16
044
_a
xo
_c
SK
041
_a
slo
999
_c
15424
_d
15424